00790cam a22002051a 450000100100000000500170001000800410002704000250006808200150009310000280010824500840013626000510022030000250027150000360029650400340033265000370036665000400040395201260044399900150056900000143920200929145559.0740606s1968 ilu b 001 0 eng  aDO-SdBNPbspacBNPHU a076bS386s1 aSchulte, Henry F.9478214aThe Spanish press, 1470-1966 :bprint, power, and politics /cHenry F. Schulte. aUrbana :bUniversity of Illinois Press,c1968. axi, 280 p. ;c22 cm. aIncluye índice: p. [259]-280. aBibliografía: p. [248]-257. 4aPrensazEspañaxHistoria94783 4aPolítica y prensazEspaña94784 001052708MOaGRbGRcHDd2009-07-23e002344iLF1l0o076 S386sp1439-10r2020-06-25w2020-06-25y2ZPréstamo interno c1354d1354